000 00315nam a2200121Ia 4500
008 240624s9999 xx 000 0 und d
041 _aeng
082 _a808.5 CAR
100 _aCARNEGIE DALE
245 _aQUICK AND EASY WAY TO EFFECTIVE SPEAKING
260 _c1962
_aLondon
_bVermilion
300 _aix, 273 p.; 20 cm
999 _c30229
_d30229